Valuers' duty explained. (Record no. 61614)

MARC details
000 -LEADER
fixed length control field 00589cam a2200157 4500
001 - CONTROL NUMBER
control field WB3533-35
008 - FIXED-LENGTH DATA ELEMENTS--GENERAL INFORMATION
fixed length control field 000000n1999 000 0 eng u
035 ## - SYSTEM CONTROL NUMBER
System control number (Sirsi) u102618
245 ## - TITLE STATEMENT
Title Valuers' duty explained.
260 ## - PUBLICATION, DISTRIBUTION, ETC.
Date of publication, distribution, etc. 1999
490 ## - SERIES STATEMENT
Series statement Estates Gazette
Volume/sequential designation (9933) 21 August 1999, 76(1)
520 ## - SUMMARY, ETC.
Summary, etc. Discusses the CA decision in Merivale Moore plc v Strutt & Parker, which concerned a valuation of a medium-term leasehold and which outlined the duties of a valuer.
650 ## - SUBJECT ADDED ENTRY--TOPICAL TERM
Topical term or geographic name entry element MERIVALE MOORE PLC AND ANOTHER V STRUTT AND PARKER
690 ## - LOCAL SUBJECT ADDED ENTRY--TOPICAL TERM (OCLC, RLIN)
Topical term or geographic name as entry element RATING AND VALUATION
942 ## - ADDED ENTRY ELEMENTS (KOHA)
Suppress in OPAC 0
Holdings
Withdrawn status Lost status Source of classification or shelving scheme Damaged status Not for loan Home library Current library Shelving location Date acquired Total Checkouts Full call number Barcode Date last seen Copy number Price effective from Koha item type
    Dewey Decimal Classification     London London News article 23/11/1999   WB3533-35 102618-1001 06/08/2019 1 06/08/2019 News article